000 00597nam a2200181 i 4500
001 76226
003 ES-MaACL
005 20230906172748.0
007 t|
008 040929s1968 sp ||||1| spa d
100 1 _aGuenther, William C.
_960448
245 1 0 _aIntroducción a la inferencia estadística /
_cWilliam C. Guenther ; traducción y adaptación, G. Gonzalvo Cavero, J.P. Vilaplana.
260 _aMadrid :
_bCastillo,
_c[1968]
300 _a357 p. ;
_c24 cm.
700 1 _aGonzalvo Cavero, Gonzalo.
_959070
700 1 _aVilaplana, J. P.
_9114786
852 _aES-MaACL
_jC-34926
_bR.67568
999 _c76226
_d76226